000 00760nam a2200205Ia 4500
003 GCL
008 140319s9999 xx 000 0 ara d
040 _aGCL /
_cGCL
082 0 4 _a371.26
_bت ا
100 1 _aتوما جورج خورى
245 1 0 _aالاختبارات المدرسية ومرتكزات تقويمها /
_cتوما جورج خورى
260 _aالقاهرة :
_bالمؤسسة الجامعية للدراسات والنشر والتوزيع ،
_c1991
300 _a270 ص ؛
_c20 سم
490 _a
650 0 4 _aالتخطيط التربوى
650 0 4 _aاساسيات التعليم
650 0 4 _aالاختبارات والقياسات التعليمية
650 0 4 _aالتعليم - احصائيات
942 _2ddc
_cBK
999 _c30515
_d30515